The Cambridge guide to second language teacher education.
שמור ב:
| מחברים אחרים: | , |
|---|---|
| פורמט: | לא ידוע |
| שפה: | אנגלית |
| יצא לאור: |
New York, USA:
Cambridge University Press,
2009
|
| נושאים: | |
| תגים: |
הוספת תג
אין תגיות, היה/י הראשונ/ה לתייג את הרשומה!
|
MARC
| LEADER | 00000 a2200000 4500 | ||
|---|---|---|---|
| 003 | CL-VaPUC | ||
| 005 | 20230602124437.0 | ||
| 008 | 220303b2009 ||||| |||| 00| 0 eng d | ||
| 999 | |c 434526 |d 434524 | ||
| 020 | |a 978-0-521-75684-6 | ||
| 040 | |c Pontificia Universidad Católica de Valparaíso | ||
| 082 | |a 418.00711 BUR 2009 |2 22 | ||
| 100 | |a Burns, Anne |9 866497 |e editor | ||
| 245 | |a The Cambridge guide to second language teacher education. | ||
| 260 | |a New York, USA: |b Cambridge University Press, |c 2009 | ||
| 300 | |a 324 páginas | ||
| 583 | |k Cristina María Rojas Aguilar |c 20220303 | ||
| 650 | 0 | |a Adquisición de una segunda lengua |9 859611 | |
| 650 | 0 | |a Profesores de idiomas |x Formación |9 866941 | |
| 650 | 0 | |a Lenguaje y lenguas |9 859612 |x Estudio y enseñanza | |
| 700 | |a Richards, Jack C. |e editor |9 866942 | ||
| 942 | |2 ddc |c BK | ||
| 952 | |0 0 |1 0 |2 ddc |4 0 |6 418_007110000000000_BUR_2009 |7 0 |8 A |9 581416 |a BIBEDU |b BIBEDU |c ES_NOD |d 2022-02-24 |e 1 |g 58690.00 |i 5639298 |o 418.00711 BUR 2009 |p 5639298 |r 2023-08-09 |t 1 |v 58690.00 |w 2022-02-24 |y BK |k LIT | ||